00446nam a2200157 450000500170000001000150001702000260003203500140005803700130007208200060008510000290009124500710012026000360019127000410022730000200026820191101142500.0 aENG-126786 a9789384335250c495.00 aEN-110318 bDBAD/PUB aS aDhoundiyal, Arun Prakash aThe twinge of time and other stories /cby Arun Prakash Dhoundiyal aDelhibMukund Publicationc2019 aE-11/5, Krishna Nagar, Delhie110051 a160p.c22cm(Hb)